00542nam a2200157Ia 4500008004100000082001700041100002100058245002800079260004200107300001000149630001800159650006700177942000900244952011400253999001700367211109s9999||||xx |||||||||||||| ||und|| a155.2bHAR-C aHarris, Philip R 0aChallange of Your World bOxford University PressaBombayc1962 a134p. xGeneral Stack aDifferential & developmental psychologyvPsychologyxGeneralia cBOOK 00104070aSBCLbSBCLc2d2021-11-09g50.00l0o155.2 HAR-Cp00039427r2021-11-09 00:00:00w2021-11-09yBOOK c37935d37935